|
|
|
|
| LEADER |
00000nam a2200000 a 4500 |
| 001 |
vtls001303828 |
| 003 |
SK-MaSNL |
| 005 |
20260302070058.0 |
| 008 |
240226s1953 xxua rb eng |
| 015 |
|
|
|a SNBZS1997-00465
|
| 035 |
|
|
|a SNK000256010
|
| 035 |
|
|
|a urn:nbn:sk:snk-amkgsx
|
| 035 |
|
|
|a urn:nbn:sk:snk-am008g32
|
| 035 |
|
|
|a 45C2111C-5B2E-4EB0-843C-79D22BDA08D6
|
| 040 |
|
|
|a SNK
|b slo
|c SNK
|e AACR2
|
| 041 |
0 |
|
|a eng
|
| 044 |
|
|
|a US
|
| 080 |
|
|
|a 654.164:929=20
|2 1981
|
| 080 |
|
|
|a 929 Murgaš, Jozef
|2 1981
|
| 100 |
1 |
|
|a Paličkár, Štefan J.,
|d 1886-1955
|4 aut
|9 253485
|
| 245 |
1 |
0 |
|a A pictorial biography of Rev. Joseph Murgas - pioneer inventor in the field of wireless telegraphy and radio
|c by Stephen J. Palickar ; foreword by Stephen J. Tkach
|
| 260 |
|
|
|a Wilkes-Barre
|b Murgas Memorial Foundation
|c 1953
|
| 300 |
|
|
|a 83 s.
|b fotogr.
|c 24 cm
|
| 600 |
1 |
|
|a Murgaš, Jozef,
|d 1864-1929
|2 SNK
|9 193780
|
| 655 |
|
7 |
|a biografie
|2 SNK
|9 27965
|
| 700 |
1 |
|
|a Tkach, Stephen J.
|4 aui
|9 730155
|
| 852 |
|
|
|a Slovenská národná knižnica
|
| 954 |
|
|
|a odborná, vedecká literatúra cudzojazyčná (svetová)
|2 lita
|
| 958 |
|
|
|a OND
|
| 958 |
|
|
|a ZS
|
| 958 |
|
|
|a TL
|
| 958 |
|
|
|a BX
|
| 958 |
|
|
|a US
|
| 958 |
|
|
|a EUIPO
|
| 999 |
|
|
|c 1145413
|d 1147343
|
| 952 |
|
|
|t P60, <03>, [BOOK], {603}
|a SNK
|b SNK
|y PREZ
|7 0
|p 17A0092996
|o snkSC 94124
|i snkV 2367/97
|0 0
|1 0
|4 0
|d 1997-09-26
|f 1
|l 0
|r 2025-09-11 00:00:00
|w 2026-02-24
|